000 00263nam a2200109Ia 4500
008 190722s9999 xx 000 0 und d
100 _aDr.P.S.Bimbhra
245 0 _aElectrical Machinery
260 _aNew Delhi
_bKhanna Publishers
_c2014
300 _a1100
942 _cBK
999 _c88
_d88